000 00903cab a22002295a 4500
001 L145750
008 081105e20081101xxkado f 000 0 eng d
035 _a(Sirsi) u145750
041 0 _aeng
100 1 _aCunningham, Daniel
245 0 0 _aFocus
_bEast Midlands
260 _c2008
490 _aEstates Gazette
_v(0843) 1 November 2008, 141-159(15)
520 _aGeographical focus on commercial property looks at the East Midlands. Includes market overview, a special feature on the current economic crisis, commentary on the implications of the region's spacial strategy modifications and insight on problems being faced by regeneration agencies in the region.
590 _aKA
651 4 _aEngland and Wales
_y1543-
690 _aPROPERTY-COMMERCIAL PROPERTY-COMMERCIAL PROPERTY MARKET
700 1 _aThame, David
700 1 _aCavanagh, Elaine
700 1 _aPilkington, Lisa
942 _n0
999 _c80930
_d80930